00723nam a2200241 a 4500001001300000003000900013005001700022008004100039020000900080082001800089100002400107245005700131260004800188300000900236500003500245505001300280650001600293650002500309902000800334942000700342952011700349999001500466nice12345678IN_TiNIC20260116012817.0050524s1985 newa grp 000 0 eng  ac9500a954.2058bMIC aMichand, Joseph Par aHistory of Mysoreb Under Hyder Ali and Tipoo Sultan aNew DelhibAsian Educational Servicesc1985 a190p aincludes index and biblioraphy2 aAppendix aTipu Sultan aIndia-History Mysore bSRS cBK 001040708StackRoom-aHMIbHMId2007-04-10g95.00l0o954.2058 MICp012533r2007-04-10v95.00w2005-05-24yBK c8469d8469